|
|
|
|
| LEADER |
01013nam a2200265 a 4500 |
| 001 |
000419450 |
| 003 |
CZ BrMZK |
| 005 |
20081014105026.0 |
| 007 |
ta |
| 008 |
990305s1984 xr f cze d |
| 015 |
|
|
|a cnb000021792
|
| 035 |
|
|
|a (OCoLC)39566637
|
| 040 |
|
|
|a BOA001
|b cze
|
| 080 |
|
|
|a 621.397.13(075.8)
|2 MRF
|
| 245 |
0 |
0 |
|a Televizní technika /
|c Václav Říčný
|
| 250 |
|
|
|a 1. vyd.
|
| 260 |
|
|
|a Praha :
|b SNTL,
|c 1984
|
| 300 |
|
|
|a 299 s.
|
| 550 |
|
|
|a Vydavatel: Vysoké učení technické v Brně, fakulta elektrotechniky
|
| 710 |
2 |
|
|a Vysoké učení technické v Brně.
|b Fakulta elektrotechniky
|7 kn20010709418
|
| 910 |
|
|
|a BOA001
|b 4-0878.022
|b TK-A-0220.142
|
| 990 |
|
|
|a BK
|
| 996 |
7 |
|
|b 2619794543
|c 4-0878.022
|l MZK
|r Sklad / do 1 hodiny
|n 5
|w 000419450
|u 000010
|a 1
|e BOA001
|j MZK50
|s A
|
| 996 |
7 |
|
|b 2629971261
|c TK-A-0220.142
|l MZK
|r Sklad / do 24 hodin
|n 2
|w 000419450
|u 000030
|a 1
|e BOA001
|j MZK50
|s A
|
| 996 |
7 |
|
|b 2629974348
|c TK-A-0220.142
|l MZK
|r Sklad / do 24 hodin
|n 1
|w 000419450
|u 000020
|a 1
|e BOA001
|j MZK50
|s A
|